000 00759nam a22001337a 4500
040 _cRUA
082 _aAGR SEN 2010 B045 Or.1
100 _aSENG, CHANBOPHA.
245 _aeffectiveness of animal manure on celery cabbage at crop station of the royal university of agriculture ( ប្រសិទ្ធភាពនៃជីលាមកសត្តទៅលើដំណាំស្ពៃចង្កិះនៅក្នុងស្ថានីយ៍ពិសោធន៍ដំណាំនៃសាកលវិទ្យាល័យភូមិន្ទកសិកម្ម)
260 _aPhnom Penh
_bRUA
_c2010
300 _aix, 48p.
_bill.
_c29cm.
856 _uhttps://drive.google.com/file/d/17tXz6afQOk1D01ooBILJg5zURf0xtifk/view?usp=sharing
942 _cAGR
999 _c1029
_d1029